Fluke, or, I know why the winged whale sings

保存先:
書誌詳細
第一著者: Moore, Christophe
フォーマット: 図書
言語:Undetermined
出版事項: New York Harper 2003
主題:
タグ: タグ追加
タグなし, このレコードへの初めてのタグを付けませんか!
Thư viện lưu trữ: Trung tâm Học liệu Trường Đại học Cần Thơ
LEADER 00601nam a2200193Ia 4500
001 CTU_226576
008 210402s9999 xx 000 0 und d
082 |a 813.54 
082 |b M821 
100 |a Moore, Christophe 
245 0 |a Fluke, or, I know why the winged whale sings 
245 0 |c Christopher Moore 
260 |a New York 
260 |b Harper 
260 |c 2003 
650 |a Mối quan hệ giữa người và động vật,Human-animal relationships 
650 |x Tiểu thuyết,Fiction 
910 |b dqhieu 
980 |a Trung tâm Học liệu Trường Đại học Cần Thơ